000 00196 a2200085 4500
020 _a9781539528982
100 _aRATH, SUDIPTA
245 _aWOMB YOUR ENTERNAL SOUL WITHIN
260 _bPOTHI.COM
_c2016
999 _c218425
_d218425